<?xml version="1.0" encoding="UTF-8"?>
<marc:record xmlns:marc="http://www.loc.gov/MARC21/slim">
   <marc:leader>00000nam a2200000 a 4500</marc:leader>
   <marc:datafield ind1="1" ind2=" " tag="100">
      <marc:subfield code="a">Dahimène, Adelheid</marc:subfield>
      <marc:subfield code="4">aut</marc:subfield>
      <marc:subfield code="e">Verfasser/-in</marc:subfield>
   </marc:datafield>
   <marc:datafield ind1="1" ind2=" " tag="100">
      <marc:subfield code="a">Stöllinger, Heide</marc:subfield>
      <marc:subfield code="4">aut</marc:subfield>
      <marc:subfield code="e">Verfasser/-in</marc:subfield>
   </marc:datafield>
   <marc:datafield ind1=" " ind2=" " tag="653">
      <marc:subfield code="a">Esel</marc:subfield>
   </marc:datafield>
   <marc:datafield ind1=" " ind2=" " tag="653">
      <marc:subfield code="a">Streit</marc:subfield>
   </marc:datafield>
   <marc:datafield ind1=" " ind2=" " tag="653">
      <marc:subfield code="a">Versöhnung</marc:subfield>
   </marc:datafield>
   <marc:datafield ind1="0" ind2="0" tag="245">
      <marc:subfield code="a">Esel</marc:subfield>
   </marc:datafield>
   <marc:datafield ind1="0" ind2="0" tag="245">
      <marc:subfield code="c">Adelheid Dahimène ; Heide Stöllinger</marc:subfield>
   </marc:datafield>
   <marc:datafield ind1=" " ind2="1" tag="264">
      <marc:subfield code="a">St. Pölten</marc:subfield>
      <marc:subfield code="b">Niederösterr. Pressehaus</marc:subfield>
      <marc:subfield code="c">2005</marc:subfield>
   </marc:datafield>
   <marc:datafield ind1=" " ind2=" " tag="250">
      <marc:subfield code="a">5. Auflage</marc:subfield>
   </marc:datafield>
   <marc:datafield ind1="1" ind2=" " tag="520">
      <marc:subfield code="a">Die Silberhochzeit des Eselpaares fällt ins Wasser, weil er verschläft und sie darob wütend ist. Die Wege des Grauen und des Braunen trennen sich, man versucht sich in Fremdkontakten und findet einander am Ende glücklich wieder. Beziehung heißt Arbeit, heißt Abhängigkeiten und Konflikte, Trennung und Versöhnung - ein wahrlich weites Feld, das hier in einer speziellen Variante mit feinsinnigem Humor abgehandelt wird. Die auf Braun und Grau reduzierte Farblichkeit (einzig ein Flamingo blinkt rosa) sowie der handgeschriebene Text erzeugen eine spezifische Atmosphäre und demonstrieren zugleich eine seltsame Ausschließlichkeit - vielleicht das letztendlich unauflösbare Aufeinanderbezogensein von Zwei, die einander wirklich lieb haben.</marc:subfield>
   </marc:datafield>
   <marc:datafield ind1=" " ind2=" " tag="020">
      <marc:subfield code="a">385326252X</marc:subfield>
      <marc:subfield code="9">385326252X</marc:subfield>
   </marc:datafield>
   <marc:datafield ind1=" " ind2=" " tag="300">
      <marc:subfield code="a">[30] S. : durchg. Ill.</marc:subfield>
   </marc:datafield>
</marc:record>
